000 00207nam a2200109Ia 4500
100 _aANTONY/JAY
942 _cBK
245 _aMANAGEMENT & MACHIAVELLI.
260 _b#N/A
546 _aENGLISH
999 _c34943
_d34943